[Event "Cheliabinsk Panchenko Memorial op-A"]
[Site "Cheliabinsk"]
[Date "2021.09.21"]
[Round "10"]
[White "Borisenko, Viacheslav"]
[Black "Radzhabov, Rodion"]
[Result "1/2-1/2"]
[WhiteElo "2268"]
[BlackElo "2370"]
[PlyCount "21"]
[EventDate "2021.09.13"]
[EventType "swiss"]
[EventRounds "10"]
[EventCountry "RUS"]
[SourceTitle "CBM 204 Extra"]
[Source "ChessBase"]
[SourceDate "2021.11.30"]
[SourceVersion "1"]
[SourceVersionDate "2021.11.30"]
[SourceQuality "1"]

1. e4 c5 2. Nf3 Nc6 3. c3 Nf6 4. e5 Nd5 5. d4 cxd4 6. cxd4 d6 7. Bc4 Nb6 8. Bb5 dxe5 9. Nxe5 Bd7 10. Nxd7 Qxd7 11. 0-0 1/2-1/2

[Event "Cheliabinsk Panchenko Memorial op-A"]
[Site "Cheliabinsk"]
[Date "2021.09.19"]
[Round "8"]
[White "Borisenko, Viacheslav"]
[Black "Nigmatov, Ortik"]
[Result "1/2-1/2"]
[WhiteElo "2268"]
[BlackElo "2418"]
[PlyCount "62"]
[EventDate "2021.09.13"]
[EventType "swiss"]
[EventRounds "10"]
[EventCountry "RUS"]
[SourceTitle "CBM 204 Extra"]
[Source "ChessBase"]
[SourceDate "2021.11.30"]
[SourceVersion "1"]
[SourceVersionDate "2021.11.30"]
[SourceQuality "1"]

1. e4 c5 2. Nf3 d6 3. c3 Nf6 4. Bc4 e6 5. Qe2 Be7 6. 0-0 0-0 7. Bb3 b6 8. Rd1 Bb7 9. d3 Nc6 10. d4 Qc7 11. e5 Nd7 12. exd6 Bxd6 13. Na3 a6 14. Nc4 Be7 15. d5 exd5 16. Ne3 Nf6 17. Nxd5 Nxd5 18. Bxd5 Rad8 19. Qf1 Rd7 20. Be3 Bf6 21. Bc4 b5 22. Rxd7 Qxd7 23. Rd1 Qe7 24. Bd5 Rd8 25. h3 g6 26. Rd2 Rxd5 27. Rxd5 Nd4 28. Rxc5 Ne6 29. b4 Nxc5 30. Bxc5 Qe6 31. Qd3 Be4 1/2-1/2

[Event "Cheliabinsk Panchenko Memorial op-A"]
[Site "Cheliabinsk"]
[Date "2021.09.19"]
[Round "7"]
[White "Urazayev, Arystanbek"]
[Black "Borisenko, Viacheslav"]
[Result "1/2-1/2"]
[WhiteElo "2453"]
[BlackElo "2268"]
[PlyCount "75"]
[EventDate "2021.09.13"]
[EventType "swiss"]
[EventRounds "10"]
[EventCountry "RUS"]
[SourceTitle "CBM 204 Extra"]
[Source "ChessBase"]
[SourceDate "2021.11.30"]
[SourceVersion "1"]
[SourceVersionDate "2021.11.30"]
[SourceQuality "1"]

1. d4 d5 2. c4 dxc4 3. Nf3 Nf6 4. e3 e6 5. Bxc4 a6 6. 0-0 c5 7. Re1 Nc6 8. Nc3 Be7 9. Bd3 0-0 10. a3 Qc7 11. dxc5 Bxc5 12. b4 Bd6 13. Bb2 Ne5 14. Rc1 Nxd3 15. Qxd3 Qe7 16. Ne4 Nxe4 17. Qxe4 f6 18. Bd4 e5 19. Bc5 Bxc5 20. Rxc5 Be6 21. Rec1 Rac8 22. Rxc8 Rxc8 23. Rxc8+ Bxc8 24. Qc2 Be6 25. Nd2 a5 26. Qc3 axb4 27. axb4 Qd6 28. f3 f5 29. Kf2 Kf7 30. Nf1 h6 31. Ng3 b5 32. Ke1 g6 33. Nh1 Bc4 34. Nf2 Ke6 35. Qa3 Kf6 36. h4 Ke6 37. Qa5 Kf6 38. g4 1/2-1/2

[Event "Cheliabinsk Panchenko Memorial op-A"]
[Site "Cheliabinsk"]
[Date "2021.09.16"]
[Round "4"]
[White "Borisenko, Viacheslav"]
[Black "Marchenko, Nikolay"]
[Result "1/2-1/2"]
[WhiteElo "2268"]
[BlackElo "2060"]
[PlyCount "102"]
[EventDate "2021.09.13"]
[EventType "swiss"]
[EventRounds "10"]
[EventCountry "RUS"]
[SourceTitle "CBM 204 Extra"]
[Source "ChessBase"]
[SourceDate "2021.11.30"]
[SourceVersion "1"]
[SourceVersionDate "2021.11.30"]
[SourceQuality "1"]

1. e4 e6 2. d4 d5 3. Bd3 dxe4 4. Bxe4 Nf6 5. Bf3 c5 6. Ne2 Be7 7. 0-0 Nc6 8. Be3 cxd4 9. Nxd4 Ne5 10. Nc3 0-0 11. Qe2 a6 12. Rad1 Qc7 13. Rfe1 Nxf3+ 14. Qxf3 Bd7 15. Bf4 Qb6 16. Nf5 exf5 17. Rxe7 Bc6 18. Qe2 Rfe8 19. Bc1 Qb4 20. Rxe8+ Rxe8 21. Qf1 Ne4 22. Nxe4 Qxe4 23. c4 h6 24. f3 Qc2 25. Rd2 Qa4 26. b3 Qb4 27. h3 Qc3 28. Qd1 Qe3+ 29. Kf1 Qe5 30. Re2 Qxe2+ 31. Qxe2 Rxe2 32. Kxe2 g5 33. Kd3 Kg7 34. Kd4 Kf6 35. a4 f4 36. a5 Kf5 37. Bb2 h5 38. Kd3 g4 39. Ke2 gxf3+ 40. gxf3 Kg5 41. Kf2 Bd7 42. Kg2 Bc6 43. Bc3 Kf5 44. Kf2 Bd7 45. h4 Bc6 46. Bd4 Ke6 47. Ba7 Kf5 48. Bb8 Bd7 49. Bc7 Bc6 50. Ke2 Bd7 51. Bd6 Bc6 1/2-1/2

[Event "Cheliabinsk Kurnosov Memorial Rapid"]
[Site "Cheliabinsk"]
[Date "2021.09.10"]
[Round "2"]
[White "Borisenko, Viacheslav"]
[Black "Bocharov, Dmitry"]
[Result "0-1"]
[WhiteElo "2268"]
[BlackElo "2524"]
[PlyCount "106"]
[EventDate "2021.09.10"]
[EventType "swiss (rapid)"]
[EventRounds "11"]
[EventCountry "RUS"]
[SourceTitle "CBM 204 Extra"]
[Source "ChessBase"]
[SourceDate "2021.11.30"]
[SourceVersion "1"]
[SourceVersionDate "2021.11.30"]
[SourceQuality "1"]

1. e4 c5 2. Nf3 e6 3. c3 d5 4. exd5 Qxd5 5. d4 Nf6 6. Be2 Nc6 7. Na3 Qd8 8. Nc2 Qc7 9. 0-0 Bd6 10. dxc5 Bxc5 11. Be3 Bxe3 12. Nxe3 0-0 13. h3 b6 14. Qa4 Bb7 15. Rfd1 a6 16. Rd2 b5 17. Qh4 Ne7 18. Rad1 Ng6 19. Qb4 Nf4 20. Kf1 N6d5 21. Nxd5 Bxd5 22. a3 Nxe2 23. Kxe2 a5 24. Qd4 Bb3 25. Rc1 Rad8 26. Qe3 Bc4+ 27. Ke1 Rxd2 28. Qxd2 Rd8 29. Qe3 Rd3 30. Qe4 f5 31. Qe5 Qd8 32. Nd4 Qg5 33. Rd1 Rxd1+ 34. Kxd1 Qxg2 35. Qg3 Qf1+ 36. Kd2 a4 37. Qb8+ Kf7 38. Qc7+ Kf6 39. Qd8+ Kg6 40. Qh4 Qd3+ 41. Kc1 Bb3 42. Qg3+ Qxg3 43. fxg3 Bc4 44. Kd2 Kf6 45. Ke3 e5 46. Nc2 g5 47. Ne1 f4+ 48. gxf4 gxf4+ 49. Kf2 e4 50. Nc2 Ke5 51. Nd4 e3+ 52. Kf3 Bd5+ 53. Ke2 Ke4 0-1

[Event "Cheliabinsk Panchenko Memorial op"]
[Site "Cheliabinsk"]
[Date "2019.09.15"]
[Round "7"]
[White "Borisenko, Viacheslav"]
[Black "Mironenko, Galina"]
[Result "1-0"]
[WhiteElo "2295"]
[BlackElo "1982"]
[PlyCount "61"]
[EventDate "2019.09.09"]
[EventType "swiss"]
[EventRounds "9"]
[EventCountry "RUS"]
[SourceTitle "EXT 2020"]
[Source "ChessBase"]
[SourceDate "2019.10.17"]
[SourceVersion "1"]
[SourceVersionDate "2019.10.17"]
[SourceQuality "1"]

1. e4 c5 2. Nc3 Nc6 3. g3 g6 4. d3 Bg7 5. Bg2 d6 6. f4 Rb8 7. Nf3 b5 8. 0-0 b4 9. Ne2 e6 10. f5 Nf6 11. fxe6 fxe6 12. Nf4 0-0 13. h3 e5 14. Nd5 Nxd5 15. exd5 Ne7 16. Ng5 h6 17. Ne6 Bxe6 18. dxe6 d5 19. a3 b3 20. Rxf8+ Qxf8 21. c4 dxc4 22. dxc4 Nf5 23. Qd3 Qf6 24. Rb1 Kh7 25. Bd5 Nd4 26. Be3 Nxe6 27. Rf1 Qe7 28. h4 h5 29. Rf2 Qd6 30. Kg2 Nc7 31. Bg8+ 1-0

[Event "Cheliabinsk Panchenko Memorial op"]
[Site "Cheliabinsk"]
[Date "2019.09.10"]
[Round "2"]
[White "Sitnikov, Anton"]
[Black "Borisenko, Viacheslav"]
[Result "1-0"]
[WhiteElo "2405"]
[BlackElo "2295"]
[PlyCount "85"]
[EventDate "2019.09.09"]
[EventType "swiss"]
[EventRounds "9"]
[EventCountry "RUS"]
[SourceTitle "EXT 2020"]
[Source "ChessBase"]
[SourceDate "2019.10.17"]
[SourceVersion "1"]
[SourceVersionDate "2019.10.17"]
[SourceQuality "1"]

1. e4 c5 2. Nf3 e6 3. g3 Nc6 4. Bg2 b5 5. 0-0 Bb7 6. d4 cxd4 7. Nxd4 Nxd4 8. Qxd4 Ne7 9. Bf4 Nc6 10. Qd2 d6 11. Rd1 Qb6 12. Na3 Rd8 13. Be3 Qc7 14. Nxb5 Qb8 15. Bf4 e5 16. Bg5 f6 17. Be3 Be7 18. c4 0-0 19. Rac1 Kh8 20. Nc3 Bc8 21. Nd5 Bg4 22. Re1 Be6 23. b4 Rd7 24. b5 Nd8 25. Nxe7 Rxe7 26. c5 dxc5 27. Bxc5 Rd7 28. Qe3 Re8 29. a4 Nf7 30. Red1 Red8 31. Rxd7 Rxd7 32. h4 Nd6 33. Bf1 Qb7 34. Rd1 Nc8 35. Rxd7 Qxd7 36. a5 Qd1 37. Qd3 Qxd3 38. Bxd3 Kg8 39. Bxa7 Nxa7 40. b6 Nc6 41. b7 Kf8 42. a6 Ke7 43. a7 1-0

[Event "UKR-chT"]
[Site "Chornomorsk"]
[Date "2019.05.28"]
[Round "9.1"]
[White "Borisenko, Viacheslav"]
[Black "Domalchuk Jonasson, Aleksandr"]
[Result "1-0"]
[WhiteElo "2292"]
[BlackElo "1870"]
[PlyCount "111"]
[EventDate "2019.05.20"]
[EventType "team-tourn"]
[EventRounds "9"]
[EventCountry "UKR"]
[SourceTitle "EXT 2020"]
[Source "ChessBase"]
[SourceDate "2019.10.17"]
[SourceVersion "1"]
[SourceVersionDate "2019.10.17"]
[SourceQuality "1"]
[WhiteTeam "Kiev Dnipro"]
[BlackTeam "Odesa"]
[WhiteTeamCountry "UKR"]
[BlackTeamCountry "UKR"]

1. e4 c5 2. Nf3 e6 3. c3 Nf6 4. d3 d5 5. e5 Nfd7 6. d4 Nc6 7. Bd3 cxd4 8. cxd4 Qb6 9. Bc2 f6 10. exf6 Nxf6 11. 0-0 Bd6 12. Nc3 0-0 13. h3 a6 14. a3 Qc7 15. Qd3 Ne7 16. Bg5 Ng6 17. Rac1 Bf4 18. Bb1 Bxc1 19. Rxc1 Qf7 20. Rf1 Nd7 21. Nh4 e5 22. Nxg6 Qxg6 23. Qxg6 hxg6 24. Bxg6 exd4 25. Nxd5 Nf6 26. Nb6 Ra7 27. Rd1 Be6 28. Rxd4 Bf7 29. Bd3 Re8 30. a4 Re6 31. a5 Re5 32. Bf4 Re8 33. g4 Be6 34. b4 Nh7 35. Rd6 Nf8 36. Kg2 Bf7 37. Kg3 Ne6 38. Be3 Nd8 39. g5 Nc6 40. Bc5 Ne5 41. Bf1 Ng6 42. h4 Ne5 43. f4 Nc6 44. g6 Ba2 45. h5 Nd8 46. f5 Nc6 47. h6 gxh6 48. f6 Ne5 49. f7+ Nxf7 50. gxf7+ Bxf7 51. Rxh6 Re6 52. Rxe6 Bxe6 53. Kf4 Kf7 54. Ke5 Bg4 55. Kd6 Ke8 56. Kc7 1-0

[Event "Wch Blitz"]
[Site "St Petersburg"]
[Date "2018.12.30"]
[Round "14"]
[White "Borisenko, Viacheslav"]
[Black "Pantsulaia, Levan"]
[Result "0-1"]
[WhiteElo "2289"]
[BlackElo "2597"]
[PlyCount "65"]
[EventDate "2018.12.29"]
[EventType "swiss (blitz)"]
[EventRounds "21"]
[EventCountry "RUS"]
[SourceTitle "CBM 187 Extra"]
[Source "ChessBase"]
[SourceDate "2018.11.04"]
[SourceVersion "1"]
[SourceVersionDate "2018.11.04"]
[SourceQuality "1"]

1. e4 c6 2. Nc3 d5 3. Qf3 e6 4. d4 dxe4 5. Qxe4 Nf6 6. Qd3 Na6 7. a3 c5 8. Qb5+ Qd7 9. Qxd7+ Bxd7 10. Bxa6 bxa6 11. Nge2 Bc6 12. 0-0 0-0-0 13. dxc5 Bxc5 14. Bf4 Nh5 15. Rfd1 Nxf4 16. Nxf4 Bd6 17. Nfe2 Be5 18. f3 g5 19. Rxd8+ Rxd8 20. Rd1 Rg8 21. h3 h5 22. Nd4 Bb7 23. Nde2 g4 24. hxg4 hxg4 25. Kf2 f5 26. Re1 Bc7 27. Nd4 Bb6 28. Nce2 e5 29. c3 gxf3 30. gxf3 exd4 31. Nxd4 Rd8 32. Rd1 f4 33. Rd3 0-1

[Event "Wch Blitz"]
[Site "St Petersburg"]
[Date "2018.12.29"]
[Round "1"]
[White "Borisenko, Viacheslav"]
[Black "Christiansen, Johan Sebastian"]
[Result "0-1"]
[WhiteElo "2289"]
[BlackElo "2555"]
[PlyCount "62"]
[EventDate "2018.12.29"]
[EventType "swiss (blitz)"]
[EventRounds "21"]
[EventCountry "RUS"]
[SourceTitle "CBM 187 Extra"]
[Source "ChessBase"]
[SourceDate "2018.11.04"]
[SourceVersion "1"]
[SourceVersionDate "2018.11.04"]
[SourceQuality "1"]

1. e4 e5 2. Nf3 Nc6 3. c3 d5 4. Bb5 f6 5. Qa4 Nge7 6. d3 a6 7. Bxc6+ Nxc6 8. h3 Be7 9. 0-0 0-0 10. Re1 Kh8 11. Nbd2 b5 12. Qc2 Bb7 13. Nf1 d4 14. cxd4 exd4 15. Ng3 Nb4 16. Qe2 c5 17. Nh4 g6 18. Qd2 Rf7 19. Qe2 c4 20. dxc4 d3 21. Qd1 Nc2 22. Bd2 Nxa1 23. Qxa1 bxc4 24. b3 Rc8 25. bxc4 Rxc4 26. Nf3 Kg8 27. Qb2 Qc8 28. h4 Rc2 29. Qb3 h5 30. Qxd3 Rxa2 31. Qe3 Bc5 0-1

[Event "Wch Blitz"]
[Site "St Petersburg"]
[Date "2018.12.29"]
[Round "3"]
[White "Borisenko, Viacheslav"]
[Black "Golubov, Saveliy"]
[Result "0-1"]
[WhiteElo "2289"]
[BlackElo "2482"]
[PlyCount "83"]
[EventDate "2018.12.29"]
[EventType "swiss (blitz)"]
[EventRounds "21"]
[EventCountry "RUS"]
[SourceTitle "CBM 187 Extra"]
[Source "ChessBase"]
[SourceDate "2018.11.04"]
[SourceVersion "1"]
[SourceVersionDate "2018.11.04"]
[SourceQuality "1"]

1. e4 g6 2. d4 Bg7 3. Nf3 d6 4. h3 Nf6 5. Bd3 0-0 6. 0-0 c5 7. c3 Qc7 8. a3 b6 9. Qe2 Bb7 10. e5 dxe5 11. dxe5 Ne8 12. e6 f5 13. Ng5 Nc6 14. Nf7 Ne5 15. Bc2 Qc6 16. f3 Qxe6 17. Nxe5 Qxe5 18. Bb3+ Kh8 19. Qf2 Qf6 20. f4 Nd6 21. Nd2 Ne4 22. Nxe4 Bxe4 23. Be3 Rad8 24. Rfd1 Qc6 25. a4 Rd6 26. a5 Qb5 27. Ba4 Rxd1+ 28. Bxd1 Rd8 29. axb6 axb6 30. Kh2 Bf6 31. g4 Qc6 32. g5 Bg7 33. h4 e5 34. h5 gxh5 35. Bxh5 Qc7 36. Be2 exf4 37. Bxf4 Be5 38. Kg3 Rg8 39. Bxe5+ Qxe5+ 40. Kh4 f4 41. Rg1 f3 42. Bc4 0-1

[Event "Wch Blitz"]
[Site "St Petersburg"]
[Date "2018.12.29"]
[Round "7"]
[White "Borisenko, Viacheslav"]
[Black "Saric, Ivan"]
[Result "0-1"]
[WhiteElo "2289"]
[BlackElo "2695"]
[PlyCount "56"]
[EventDate "2018.12.29"]
[EventType "swiss (blitz)"]
[EventRounds "21"]
[EventCountry "RUS"]
[SourceTitle "CBM 187 Extra"]
[Source "ChessBase"]
[SourceDate "2018.11.04"]
[SourceVersion "1"]
[SourceVersionDate "2018.11.04"]
[SourceQuality "1"]

1. e4 g6 2. d4 d6 3. h3 Bg7 4. Nf3 Nf6 5. Bd3 0-0 6. 0-0 Nc6 7. c3 e5 8. Re1 a5 9. a4 Re8 10. d5 Ne7 11. c4 Nd7 12. Nfd2 f5 13. Nc3 Nc5 14. Bc2 Rf8 15. Nb3 Nxb3 16. Bxb3 b6 17. f4 exf4 18. Bxf4 fxe4 19. Bg5 h6 20. Bh4 g5 21. Bf2 Bf5 22. Nxe4 Bxb2 23. Ng3 Be5 24. Nxf5 Nxf5 25. Ra2 Qf6 26. Rf1 Ng3 27. Re1 Qf4 28. Qg4 Ne2+ 0-1

[Event "Wch Blitz"]
[Site "St Petersburg"]
[Date "2018.12.29"]
[Round "10"]
[White "Chen, Qi B"]
[Black "Borisenko, Viacheslav"]
[Result "1-0"]
[WhiteElo "2437"]
[BlackElo "2289"]
[PlyCount "61"]
[EventDate "2018.12.29"]
[EventType "swiss (blitz)"]
[EventRounds "21"]
[EventCountry "RUS"]
[SourceTitle "CBM 187 Extra"]
[Source "ChessBase"]
[SourceDate "2018.11.04"]
[SourceVersion "1"]
[SourceVersionDate "2018.11.04"]
[SourceQuality "1"]

1. e4 c5 2. Nf3 e6 3. Nc3 Nc6 4. d4 cxd4 5. Nxd4 Nf6 6. a3 Be7 7. Be3 0-0 8. Be2 d6 9. 0-0 Bd7 10. f4 Rc8 11. Kh1 e5 12. Nf5 Bxf5 13. exf5 d5 14. fxe5 Nxe5 15. Bd4 Bd6 16. Bf3 Nxf3 17. Qxf3 Bb8 18. Rad1 Qd6 19. Qh3 Rxc3 20. bxc3 Ne4 21. c4 Rc8 22. cxd5 Rxc2 23. Rfe1 Qf4 24. Be3 Qd6 25. Bg1 Nf6 26. Rc1 Rxc1 27. Rxc1 h6 28. Qf3 Kh7 29. a4 a6 30. Rb1 Nxd5 31. Rd1 1-0

[Event "Wch Rapid"]
[Site "St Petersburg"]
[Date "2018.12.28"]
[Round "12"]
[White "Borisenko, Viacheslav"]
[Black "Shinkevich, Vitaly"]
[Result "0-1"]
[WhiteElo "2289"]
[BlackElo "2439"]
[PlyCount "114"]
[EventDate "2018.12.26"]
[EventType "swiss (rapid)"]
[EventRounds "15"]
[EventCountry "RUS"]
[SourceTitle "CBM 187 Extra"]
[Source "ChessBase"]
[SourceDate "2018.11.04"]
[SourceVersion "1"]
[SourceVersionDate "2018.11.04"]
[SourceQuality "1"]

1. e4 c5 2. Nf3 e6 3. c3 Nf6 4. d3 Nc6 5. Be2 d6 6. 0-0 g6 7. Re1 Bg7 8. Bf1 0-0 9. d4 cxd4 10. cxd4 e5 11. d5 Nd4 12. Nxd4 exd4 13. Qxd4 Ng4 14. Qd2 f5 15. h3 Ne5 16. f4 Qb6+ 17. Qf2 Qxf2+ 18. Kxf2 fxe4 19. Rxe4 Bf5 20. Re1 Bd3 21. Rxe5 Bxf1 22. Re6 Bc4 23. Nc3 b5 24. Rxd6 Rae8 25. Be3 b4 26. Na4 g5 27. g3 Be5 28. Re6 Rxe6 29. dxe6 Bxe6 30. Re1 gxf4 31. gxf4 Bxa2 32. Kg3 Bf6 33. Nc5 Rf7 34. Nd3 Rg7+ 35. Kh2 Bd5 36. Rg1 Rxg1 37. Kxg1 a5 38. Bb6 a4 39. Nxb4 Be4 40. Na6 Bxb2 41. Bc5 a3 42. Nb4 Bf5 43. Kg2 Be6 44. Kg3 Kf7 45. Be3 Kg6 46. h4 Kf5 47. Kf3 a2 48. Nxa2 Bxa2 49. Kg3 h5 50. Kf3 Bd5+ 51. Kg3 Bf6 52. Bd2 Bd4 53. Bc1 Bc3 54. Be3 Be1+ 55. Kh3 Ke4 56. Bc1 Kf3 57. f5 Bg3 0-1

[Event "Cheliabinsk December Evenings"]
[Site "Cheliabinsk"]
[Date "2018.12.11"]
[Round "4"]
[White "Borisenko, Viacheslav"]
[Black "Remizov, Yaroslav"]
[Result "1/2-1/2"]
[WhiteElo "2289"]
[BlackElo "2315"]
[PlyCount "135"]
[EventDate "2018.12.08"]
[EventType "tourn"]
[EventRounds "9"]
[EventCountry "RUS"]
[EventCategory "3"]
[SourceTitle "CBM 187 Extra"]
[Source "ChessBase"]
[SourceDate "2018.11.04"]
[SourceVersion "1"]
[SourceVersionDate "2018.11.04"]
[SourceQuality "1"]

1. e4 c5 2. Nf3 e6 3. c4 Nc6 4. Nc3 Nf6 5. Be2 Be7 6. 0-0 0-0 7. h3 d5 8. d3 b6 9. Bg5 Bb7 10. cxd5 exd5 11. e5 Nd7 12. Bxe7 Qxe7 13. Nxd5 Qd8 14. d4 cxd4 15. Nxd4 Ndxe5 16. Nf5 g6 17. f4 gxf5 18. fxe5 Nxe5 19. Rxf5 Qxd5 20. Rg5+ Kh8 21. Qxd5 Bxd5 22. Rxe5 Rfe8 23. Rxd5 Rxe2 24. Rf1 Rxb2 25. Rd7 Rg8 26. Rf2 Rxf2 27. Kxf2 a5 28. Rxf7 Rc8 29. Rb7 Rc2+ 30. Kf3 Rxa2 31. Rxb6 a4 32. Rb7 Rc2 33. Ra7 Rc3+ 34. Kf4 Rc4+ 35. Kf5 Kg8 36. Ra5 Rb4 37. g4 Kg7 38. Kg5 Rc4 39. h4 Rb4 40. h5 h6+ 41. Kf5 Rb7 42. Rxa4 Rb5+ 43. Kf4 Rb7 44. Rd4 Ra7 45. Rd5 Kf6 46. Rd6+ Kg7 47. Ke5 Ra5+ 48. Ke4 Ra4+ 49. Kf3 Ra3+ 50. Kf4 Ra4+ 51. Kg3 Ra3+ 52. Kh4 Rb3 53. Rd7+ Kg8 54. Rd2 Kg7 55. Rg2 Kf6 56. Rg1 Kg7 57. Ra1 Kg8 58. Ra2 Kg7 59. Rd2 Kg8 60. Rg2 Kg7 61. Rg3 Rxg3 62. Kxg3 Kf6 63. Kf4 Ke6 64. g5 hxg5+ 65. Kxg5 Kf7 66. h6 Kg8 67. Kg6 Kh8 68. h7 1/2-1/2

[Event "Cheliabinsk December Evenings"]
[Site "Cheliabinsk"]
[Date "2018.12.09"]
[Round "2"]
[White "Borisenko, Viacheslav"]
[Black "Kazantsev, Nikita"]
[Result "1-0"]
[WhiteElo "2289"]
[BlackElo "2177"]
[PlyCount "69"]
[EventDate "2018.12.08"]
[EventType "tourn"]
[EventRounds "9"]
[EventCountry "RUS"]
[EventCategory "3"]
[SourceTitle "CBM 187 Extra"]
[Source "ChessBase"]
[SourceDate "2018.11.04"]
[SourceVersion "1"]
[SourceVersionDate "2018.11.04"]
[SourceQuality "1"]

1. e4 e5 2. f4 d5 3. exd5 e4 4. d4 Qxd5 5. c4 Qa5+ 6. Nc3 Bb4 7. Bd2 Nf6 8. a3 e3 9. axb4 exd2+ 10. Kxd2 Qf5 11. Qe1+ Kd8 12. Qe5 Nc6 13. Qxf5 Bxf5 14. Nf3 Nxb4 15. Ra5 Bg6 16. Ne5 Kc8 17. g3 Ne4+ 18. Nxe4 Bxe4 19. Bh3+ f5 20. Re1 Kb8 21. Rxe4 fxe4 22. Nd7+ Kc8 23. Nc5+ Kd8 24. Nxb7+ Ke7 25. Re5+ Kf6 26. Nc5 Rhe8 27. Nxe4+ Kg6 28. Bf5+ Kh6 29. Bd7 Red8 30. Re6+ g6 31. Re7 c6 32. g4 Rh8 33. g5+ Kh5 34. Nf6+ Kh4 35. Re3 1-0

[Event "Moscow Aeroflot op-B 17th"]
[Site "Moscow"]
[Date "2018.02.25"]
[Round "6"]
[White "Borisenko, Viacheslav"]
[Black "Arslanov, Shamil"]
[Result "1/2-1/2"]
[WhiteElo "2330"]
[BlackElo "2395"]
[PlyCount "88"]
[EventDate "2018.02.20"]
[EventType "swiss"]
[EventRounds "9"]
[EventCountry "RUS"]
[SourceTitle "CBM 183 Extra"]
[Source "ChessBase"]
[SourceDate "2018.04.19"]
[SourceVersion "1"]
[SourceVersionDate "2018.04.19"]
[SourceQuality "1"]

1. e4 e6 2. d4 d5 3. Bd3 dxe4 4. Bxe4 Nf6 5. Bf3 c5 6. Ne2 Nc6 7. Be3 cxd4 8. Nxd4 Ne5 9. Be2 Nd5 10. Bc1 Bc5 11. 0-0 0-0 12. Nb5 Bd7 13. c4 Nb6 14. Qb3 Qh4 15. Nd2 Bc6 16. Qc3 f6 17. Nc7 Bd6 18. Nxa8 Ng4 19. h3 Bh2+ 20. Kh1 Be5 21. Qd3 Nxf2+ 22. Rxf2 Qxf2 23. Nf3 Bxf3 24. Qxf3 Qe1+ 25. Qf1 Qg3 26. Qg1 Rxa8 27. Be3 Bxb2 28. Rb1 Qe5 29. Qf2 Rd8 30. Bf4 Bd4 31. Qf3 Qc5 32. Qxb7 Qf5 33. Rf1 Qc2 34. Qe7 Qxe2 35. Qxd8+ Kf7 36. Rc1 e5 37. c5 Bxc5 38. Rxc5 Qf1+ 39. Kh2 Qxf4+ 40. Kh1 Qf1+ 41. Kh2 Qf4+ 42. Kh1 Qf1+ 43. Kh2 Qf4+ 44. Kh1 Qf1+ 1/2-1/2

[Event "Moscow Aeroflot op-B 17th"]
[Site "Moscow"]
[Date "2018.02.21"]
[Round "2"]
[White "Luong, Phuong Hanh"]
[Black "Borisenko, Viacheslav"]
[Result "0-1"]
[WhiteElo "2192"]
[BlackElo "2330"]
[PlyCount "80"]
[EventDate "2018.02.20"]
[EventType "swiss"]
[EventRounds "9"]
[EventCountry "RUS"]
[SourceTitle "CBM 183 Extra"]
[Source "ChessBase"]
[SourceDate "2018.04.19"]
[SourceVersion "1"]
[SourceVersionDate "2018.04.19"]
[SourceQuality "1"]

1. d4 g6 2. Nf3 Bg7 3. g3 Nf6 4. Bg2 0-0 5. 0-0 d6 6. a4 Re8 7. Re1 Nbd7 8. a5 e5 9. dxe5 dxe5 10. a6 e4 11. Nd4 Nb6 12. Nc3 Qe7 13. axb7 Bxb7 14. e3 a5 15. b3 h5 16. Ba3 c5 17. Ndb5 Red8 18. Qe2 Nh7 19. Rad1 Ng5 20. Rxd8+ Rxd8 21. Rd1 Rd7 22. Na4 Nf3+ 23. Kh1 Nxa4 24. bxa4 h4 25. Bh3 hxg3 26. hxg3 Bc8 27. Bxd7 Bxd7 28. Qc4 Qg5 29. Kg2 Nh4+ 30. Kg1 Qh5 31. gxh4 Qxd1+ 32. Qf1 Qxc2 33. Nd6 Bxa4 34. Kg2 Bf8 35. Qa6 Qd3 36. Qc4 Qxc4 37. Nxc4 Bb3 38. Nxa5 Bd5 39. Kf1 Be7 40. Ke2 Bd8 0-1

[Event "Moscow Aeroflot op-B 17th"]
[Site "Moscow"]
[Date "2018.02.20"]
[Round "1"]
[White "Borisenko, Viacheslav"]
[Black "Rogozenco, Dorian"]
[Result "0-1"]
[WhiteElo "2330"]
[BlackElo "2479"]
[PlyCount "136"]
[EventDate "2018.02.20"]
[EventType "swiss"]
[EventRounds "9"]
[EventCountry "RUS"]
[SourceTitle "CBM 183 Extra"]
[Source "ChessBase"]
[SourceDate "2018.04.19"]
[SourceVersion "1"]
[SourceVersionDate "2018.04.19"]
[SourceQuality "1"]

1. d4 Nf6 2. Nf3 d6 3. Bf4 g6 4. h3 Bg7 5. e3 0-0 6. Be2 Nfd7 7. c4 e5 8. Bh2 exd4 9. exd4 Nf6 10. Nc3 Bf5 11. Nh4 Bd7 12. Nf3 Re8 13. 0-0 Ne4 14. Nxe4 Rxe4 15. Qc2 Re8 16. Rad1 Nc6 17. a3 Qf6 18. b4 Bf5 19. Qd2 Nxd4 20. Nxd4 Qxd4 21. Qxd4 Bxd4 22. Bf3 Bb2 23. Bxb7 Rab8 24. Bc6 Re7 25. g4 Be6 26. c5 dxc5 27. Rb1 Bxa3 28. bxc5 Rxb1 29. Rxb1 f6 30. Rb5 a6 31. Ra5 Bb4 32. Rxa6 Bxc5 33. Kg2 g5 34. Ra8+ Kg7 35. Bg3 Bb3 36. Rd8 Bb6 37. Rd3 Bf7 38. Rd8 h6 39. h4 Bc4 40. hxg5 hxg5 41. Bf3 Be6 42. Rb8 Kf7 43. Rh8 Re8 44. Rh7+ Kg8 45. Rh1 Kg7 46. Rc1 Re7 47. Re1 Kf7 48. Rh1 Rd7 49. Rc1 c5 50. Rb1 Bc7 51. Bc6 Re7 52. Rc1 c4 53. f3 Bxg3 54. Kxg3 Rc7 55. Be4 Ke7 56. f4 c3 57. Kf3 Kd6 58. Ke3 gxf4+ 59. Kxf4 Rc4 60. Rd1+ Kc5 61. Ke3 Bxg4 62. Rf1 f5 63. Bc2 Rd4 64. Bd3 Kd5 65. Bc2 Ke5 66. Rc1 f4+ 67. Kf2 Rd2+ 68. Ke1 Rh2 0-1